<?xml version="1.0" encoding="UTF-8"?>
<record
    xmlns:xsi="http://www.w3.org/2001/XMLSchema-instance"
    xsi:schemaLocation="http://www.loc.gov/MARC21/slim http://www.loc.gov/standards/marcxml/schema/MARC21slim.xsd"
    xmlns="http://www.loc.gov/MARC21/slim">

  <leader>00772cam a2200253 a 4500</leader>
  <controlfield tag="001">j  60002208 </controlfield>
  <controlfield tag="003">DLC</controlfield>
  <controlfield tag="005">20260227111518.0</controlfield>
  <controlfield tag="008">120217s1952    ja       l    000 0 jpn  </controlfield>
  <datafield tag="010" ind1=" " ind2=" ">
    <subfield code="a">j  60002208 </subfield>
  </datafield>
  <datafield tag="040" ind1=" " ind2=" ">
    <subfield code="a">DLC</subfield>
    <subfield code="c">DLC</subfield>
    <subfield code="d">DLC</subfield>
  </datafield>
  <datafield tag="042" ind1=" " ind2=" ">
    <subfield code="a">pcc</subfield>
  </datafield>
  <datafield tag="043" ind1=" " ind2=" ">
    <subfield code="a">a-ja---</subfield>
  </datafield>
  <datafield tag="050" ind1="0" ind2="0">
    <subfield code="a">KNX1147</subfield>
    <subfield code="b">.I56 1952</subfield>
  </datafield>
  <datafield tag="066" ind1=" " ind2=" ">
    <subfield code="c">$1</subfield>
  </datafield>
  <datafield tag="100" ind1="1" ind2=" ">
    <subfield code="6">880-01</subfield>
    <subfield code="a">Inoki, Masuo,</subfield>
    <subfield code="d">1911-</subfield>
  </datafield>
  <datafield tag="245" ind1="1" ind2="0">
    <subfield code="6">880-02</subfield>
    <subfield code="a">Kaisha k&#x14D;seih&#x14D; y&#x14D;setsu /</subfield>
    <subfield code="c">Inoki Masuo cho.</subfield>
  </datafield>
  <datafield tag="260" ind1=" " ind2=" ">
    <subfield code="6">880-03</subfield>
    <subfield code="a">T&#x14D;ky&#x14D; :</subfield>
    <subfield code="b">Gakuy&#x14D; Shob&#x14D;,</subfield>
    <subfield code="c">1952.</subfield>
  </datafield>
  <datafield tag="300" ind1=" " ind2=" ">
    <subfield code="a">2, 7, 287 p. ;</subfield>
    <subfield code="c">22 cm.</subfield>
  </datafield>
  <datafield tag="650" ind1=" " ind2="0">
    <subfield code="a">Corporate reorganizations</subfield>
    <subfield code="z">Japan.</subfield>
  </datafield>
  <datafield tag="880" ind1="1" ind2=" ">
    <subfield code="6">100-01/$1</subfield>
    <subfield code="a">&#x4F4D;&#x91CE;&#x6728;&#x76CA;&#x96C4;,</subfield>
    <subfield code="d">1911-</subfield>
  </datafield>
  <datafield tag="880" ind1="1" ind2="0">
    <subfield code="6">245-02</subfield>
    <subfield code="a">&#x4F1A;&#x793E;&#x66F4;&#x751F;&#x6CD5;&#x8981;&#x8AAA; /</subfield>
    <subfield code="c">&#x4F4D;&#x91CE;&#x6728;&#x76CA;&#x96C4;&#x8457;.</subfield>
  </datafield>
  <datafield tag="880" ind1=" " ind2=" ">
    <subfield code="6">260-03</subfield>
    <subfield code="a">&#x6771;&#x4EAC; :</subfield>
    <subfield code="b">&#x5B66;&#x967D;&#x66F8;&#x623F;,</subfield>
    <subfield code="c">1952.</subfield>
  </datafield>
  <datafield tag="999" ind1=" " ind2=" ">
    <subfield code="c">34899</subfield>
    <subfield code="d">34899</subfield>
  </datafield>
</record>
